[Event "CP-2013-P-00009"]
[Site "LSS email"]
[Date "2013.09.30"]
[Round "?"]
[White "Wittal, Werner"]
[Black "Krupa, Bartlomiej"]
[Result "1/2-1/2"]
[WhiteElo "2044"]
[BlackElo "2235"]
[PlyCount "124"]
[EventDate "2013.10.01"]
[EventType "tourn (corr)"]
[EventRounds "6"]
[EventCountry "GER"]
[SourceTitle "Corr 2022"]
[Source "ChessBase"]
[SourceDate "2021.10.24"]
[SourceVersion "1"]
[SourceVersionDate "2021.10.24"]
[SourceQuality "1"]

1. d4 d5 2. c4 c6 3. Nf3 Nf6 4. e3 Bf5 5. Nc3 e6 6. Nh4 Bg6 7. Nxg6 hxg6 8. Bd2 Nbd7 9. Rc1 Bd6 10. g3 Qe7 11. Qb3 Rb8 12. Bg2 0-0 13. 0-0 dxc4 14. Qxc4 e5 15. Qb3 Rfe8 16. Rfe1 e4 17. f3 exf3 18. Bxf3 Bc7 19. Bg2 Bb6 20. a4 a6 21. Kh1 Rbd8 22. Rf1 Rb8 23. Rce1 Ba7 24. a5 Nf8 25. Nd1 Qe6 26. Qd3 Rbd8 27. Nf2 g5 28. Bc3 g4 29. Qc2 Ng6 30. Nd3 Qc4 31. Nf2 Qe6 32. Nd3 Qc8 33. Qb3 Re6 34. Bb4 Qc7 35. Kg1 Ree8 36. Nc5 Ne7 37. Ba3 Bxc5 38. Bxc5 Ned5 39. e4 Qxa5 40. Qc2 b6 41. Ba3 Nc7 42. e5 Rxd4 43. Qc3 Qxc3 44. bxc3 Ra4 45. Bd6 Nb5 46. Bxc6 Re6 47. Rd1 Ne4 48. c4 Rxc4 49. Bd5 Ra4 50. Bb3 Nbc3 51. Bxa4 Nxa4 52. Rd4 Nac3 53. Rc4 Re8 54. Bb4 Nd2 55. Rxc3 Nxf1 56. Kxf1 Rxe5 57. Rc4 Rf5+ 58. Ke1 Re5+ 59. Kd1 Rd5+ 60. Kc1 Rh5 61. Rxg4 Rxh2 62. Bc3 Rh7 1/2-1/2